000 00593nam a2200205Ii 4500
003 JO-AjNU
008 230605s9999||||xx |||||||||||||| ||und||
040 _aJO-AjNU
_bara
_erda
_cJO-AjNU
041 _aara
050 1 4 _aTX364 1987
100 3 _aدرويش، محمد عاطف,
_eauthor
_917414
245 0 0 _aعلم التغذية
250 _aط1
264 3 1 _aدمشق : مطبعة دمشق، 1987
300 _a123ص
336 _atext
_btxt
_2rdacontent
337 _aunmediated
_bn
_2rdamedia
338 _avolume
_bnc
_2rdacarrier
650 4 _aامراض-علاج-تغذية
_917415
999 _aA5373
_c8941
_d8941